[Event "Amateur-Pokal A"]
[Site "?"]
[Date "2001.??.??"]
[Round "8"]
[White "Dausch, Rene"]
[Black "Becker, Joerg"]
[Result "1-0"]
[WhiteElo "2346"]
[BlackElo "2170"]
[Annotator "ChessOrg"]
[PlyCount "67"]

1. c4 e5 2. g3 Nf6 3. Bg2 d5 4. cxd5 Nxd5 5. Nc3 Nb6 6. Nf3 Nc6 7. O-O Be7 8.
a4 a5 9. Nb5 Bf6 10. d3 O-O 11. Be3 Nd4 12. Nfxd4 exd4 13. Bf4 c6 14. Nd6 Bg4
15. h3 Be6 16. Nxb7 Qe7 17. Bxc6 Bxh3 18. Re1 Rfc8 19. Bf3 g5 20. Bd2 g4 21.
Be4 Be5 22. Nxa5 Bxg3 23. fxg3 Rxa5 24. Bxa5 Qe5 25. Bxb6 Qxg3+ 26. Kh1 Qh4 27.
e3 g3 28. Re2 Bg4+ 29. Kg1 Re8 30. Qf1 Bxe2 31. Qxe2 Re6 32. Bxd4 Rh6 33. Rf1
Qg5 34. Rf4 1-0

[Event "Amateur-Pokal A"]
[Site "?"]
[Date "2001.??.??"]
[Round "8"]
[White "Tabatt, Hendrik"]
[Black "Wempe, Juergen"]
[Result "1-0"]
[WhiteElo "2111"]
[BlackElo "2174"]
[Annotator "ChessOrg"]
[PlyCount "71"]

1. d4 f5 2. Nf3 Nf6 3. e3 e6 4. Bd3 d5 5. O-O Bd6 6. c4 c6 7. b3 O-O 8. Ba3 Ne4
9. Bxd6 Qxd6 10. Ne5 Nd7 11. Nxd7 Bxd7 12. Nd2 Rf6 13. Nf3 Rh6 14. Bxe4 fxe4
15. Ne5 Rf8 16. f4 Be8 17. Rc1 Qe7 18. Qe1 Qa3 19. Qd2 Qe7 20. b4 Qh4 21. g3
Qh3 22. Qg2 Qxg2+ 23. Kxg2 Rhf6 24. g4 g5 25. fxg5 Rxf1 26. Rxf1 Rxf1 27. Kxf1
c5 28. cxd5 Bb5+ 29. Ke1 cxb4 30. d6 Kf8 31. h4 a5 32. Kd2 a4 33. h5 a3 34. Kc1
Bd3 35. h6 Bb5 36. d7 1-0

[Event "Amateur-Pokal A"]
[Site "?"]
[Date "2001.??.??"]
[Round "8"]
[White "Berrang, Gerrit"]
[Black "Sass, Andreas"]
[Result "1/2-1/2"]
[WhiteElo "2036"]
[BlackElo "2136"]
[Annotator "ChessOrg"]
[PlyCount "59"]

1. e4 d6 2. d4 Nf6 3. Nc3 c6 4. f3 e5 5. dxe5 dxe5 6. Qxd8+ Kxd8 7. Bc4 Be6 8.
Bxe6 fxe6 9. Be3 Bb4 10. Nge2 Nbd7 11. O-O-O Kc7 12. Rd2 Rad8 13. Rhd1 Bc5 14.
Bxc5 Nxc5 15. Rxd8 Rxd8 16. Rxd8 Kxd8 17. Kd2 Ke7 18. Nc1 Kd6 19. b4 Ncd7 20.
Nd3 Ne8 21. Nd1 c5 22. N1b2 cxb4 23. Nc4+ Kc7 24. Nxb4 b5 25. Ne3 Nd6 26. Nd3
Kc6 27. Kc3 a5 28. a3 Kb6 29. h4 Kc6 30. g4 1/2-1/2

[Event "Amateur-Pokal A"]
[Site "?"]
[Date "2001.??.??"]
[Round "9"]
[White "Mischke, Luis"]
[Black "Berrang, Gerrit"]
[Result "0-1"]
[WhiteElo "2012"]
[BlackElo "2036"]
[Annotator "ChessOrg"]
[PlyCount "85"]

1. c4 c5 2. Nc3 Nf6 3. g3 e6 4. Nf3 b6 5. Bg2 Bb7 6. O-O Be7 7. b3 O-O 8. Bb2
d6 9. d4 cxd4 10. Nxd4 Bxg2 11. Kxg2 a6 12. e3 Ra7 13. Qf3 Rc7 14. Rfd1 Qc8 15.
Rac1 Nbd7 16. e4 Qb7 17. Qe2 Rd8 18. f3 Nf8 19. Nc2 Rcd7 20. Ne3 Ng6 21. Kg1
Bf8 22. Rd2 Ne7 23. Rcd1 d5 24. cxd5 exd5 25. e5 Ne8 26. Na4 Nc7 27. Nc4 Nc8
28. Qe3 Ne6 29. Ncxb6 Nxb6 30. Qxb6 Bc5+ 31. Qxc5 Nxc5 32. Nxc5 Qb6 33. Bd4 Re7
34. f4 Qb8 35. Nd3 Rc8 36. b4 a5 37. Bc5 Rec7 38. f5 axb4 39. Bxb4 Rc2 40. a3
R8c4 41. Ne1 Rxd2 42. Rxd2 Re4 43. Nf3 0-1

[Event "Amateur-Pokal A"]
[Site "?"]
[Date "2001.??.??"]
[Round "9"]
[White "Becker, Joerg"]
[Black "Tabatt, Hendrik"]
[Result "1/2-1/2"]
[WhiteElo "2170"]
[BlackElo "2111"]
[Annotator "ChessOrg"]
[PlyCount "70"]

1. e4 e5 2. Nf3 Nf6 3. Nxe5 d6 4. Nf3 Nxe4 5. d4 d5 6. Bd3 Nc6 7. O-O Be7 8.
Re1 Bf5 9. Nc3 Nxc3 10. bxc3 Bxd3 11. Qxd3 O-O 12. Bf4 Na5 13. Rab1 c6 14. a4
a6 15. Qf5 b5 16. Bg5 Bxg5 17. Nxg5 g6 18. Qf4 Qd7 19. Qf6 Rae8 20. axb5 axb5
21. h4 Nc4 22. h5 Nd6 23. Re5 Qd8 24. Qxd8 Rxd8 25. Re7 Rfe8 26. Rbe1 h6 27.
Nf3 Rxe7 28. Rxe7 Kf8 29. Rc7 Rc8 30. Ra7 Nf5 31. Ne5 Ne7 32. hxg6 fxg6 33.
Nd7+ Ke8 34. Nc5 Rb8 35. Nd3 Rc8 1/2-1/2

[Event "Amateur-Pokal A"]
[Site "?"]
[Date "2001.??.??"]
[Round "9"]
[White "Lacrosse, Marc"]
[Black "Dausch, Rene"]
[Result "1/2-1/2"]
[WhiteElo "2285"]
[BlackElo "2346"]
[Annotator "ChessOrg"]
[PlyCount "63"]

1. d4 Nf6 2. c4 g6 3. Nc3 d5 4. cxd5 Nxd5 5. e4 Nxc3 6. bxc3 Bg7 7. Be3 c5 8.
Rc1 Qa5 9. Qd2 cxd4 10. cxd4 Qxd2+ 11. Kxd2 O-O 12. Nf3 Rd8 13. Ke1 Nc6 14. d5
Nb4 15. Bd2 Na6 16. Bb5 Bd7 17. a4 Rac8 18. Rxc8 Bxc8 19. Ke2 Nc5 20. Ng5 a6
21. Ba5 Rf8 22. Bb4 Nxe4 23. Nxe4 axb5 24. axb5 Rd8 25. Rd1 Bd7 26. Bxe7 Re8
27. d6 f5 28. Nc5 Bxb5+ 29. Kf3 Kf7 30. d7 Bxd7 31. Rxd7 Rxe7 32. Rxb7 1/2-1/2

[Event "Amateur-Pokal B"]
[Site "?"]
[Date "2001.??.??"]
[Round "1"]
[White "Kuhn, Heinz"]
[Black "Probst, Joachim"]
[Result "0-1"]
[WhiteElo "1763"]
[BlackElo "1855"]
[Annotator "ChessOrg"]
[PlyCount "84"]

1. b4 Nf6 2. Bb2 e6 3. a3 Be7 4. c4 O-O 5. e3 c5 6. b5 b6 7. Nc3 Bb7 8. Nf3 d6
9. Be2 Nbd7 10. O-O Rc8 11. Qc2 Qc7 12. Rad1 Rfd8 13. d4 Nf8 14. Ng5 h6 15.
Nge4 d5 16. cxd5 exd5 17. Nxf6+ Bxf6 18. Qf5 c4 19. Bf3 Qd6 20. e4 Qe6 21. Qh5
Rc7 22. exd5 Qd7 23. Bg4 Qd6 24. Bf3 Qd7 25. Rfe1 Ng6 26. Ne4 Be7 27. d6 Bxd6
28. Nxd6 Qxd6 29. Bxb7 Rxb7 30. Qf3 Rc7 31. Re4 c3 32. Bc1 c2 33. Rde1 Qd7 34.
Qb3 Rdc8 35. R1e2 Kh7 36. R4e3 Rc4 37. Qd3 Qxb5 38. h4 Qh5 39. g4 Qxh4 40. g5
Qxg5+ 41. Rg3 Qxc1+ 42. Kg2 Rc3 0-1

[Event "Amateur-Pokal B"]
[Site "?"]
[Date "2001.??.??"]
[Round "1"]
[White "Trumm, Achim"]
[Black "Faas, Dominik"]
[Result "1/2-1/2"]
[WhiteElo "1805"]
[BlackElo "1898"]
[Annotator "ChessOrg"]
[PlyCount "51"]

1. d4 d5 2. c4 e6 3. Nc3 Nf6 4. Bg5 Be7 5. Nf3 O-O 6. e3 h6 7. Bh4 b6 8. Rc1
Bb7 9. cxd5 Nxd5 10. Bxe7 Qxe7 11. Be2 Rc8 12. O-O Nd7 13. Nxd5 exd5 14. Bd3 c5
15. Bf5 c4 16. Ne5 Bc6 17. Nxc6 Rxc6 18. Qa4 Rc7 19. b3 Rac8 20. bxc4 dxc4 21.
Rc3 g6 22. Bg4 Qe8 23. Bxd7 Qxd7 24. Rxc4 b5 25. Rxc7 Rxc7 26. Qa6 1/2-1/2

[Event "Amateur-Pokal B"]
[Site "?"]
[Date "2001.??.??"]
[Round "1"]
[White "Thiel, Jean-Claude"]
[Black "Kupsch, Wolfgang"]
[Result "1-0"]
[WhiteElo "1880"]
[BlackElo "1766"]
[Annotator "ChessOrg"]
[PlyCount "115"]

1. d4 d5 2. f4 Nf6 3. Nf3 e6 4. e3 c5 5. c3 Bd7 6. Be2 Bc6 7. O-O Nbd7 8. Nbd2
Be7 9. Ne5 Qc7 10. Ndf3 Ne4 11. Bd2 f6 12. Nd3 cxd4 13. exd4 Nb6 14. Nf2 Bd6
15. g3 O-O 16. Be3 Nc4 17. Bxc4 dxc4 18. Nd2 Nxd2 19. Bxd2 Bd5 20. Ng4 Rae8 21.
b3 b5 22. Ne3 Qc6 23. Nxd5 exd5 24. Qf3 Re4 25. Rfe1 Rfe8 26. Rxe4 Rxe4 27. Re1
f5 28. g4 Qd7 29. bxc4 fxg4 30. Qg2 Rxe1+ 31. Bxe1 dxc4 32. Qd5+ Kf8 33. Bg3
Qe7 34. Kf2 Qd7 35. Ke2 Qe7+ 36. Kd1 Qf6 37. Qxb5 Bxf4 38. Qc5+ Kf7 39. Qxc4+
Kg6 40. d5 Bxg3 41. Qxg4+ Kf7 42. Qxg3 Qf1+ 43. Kd2 Qc4 44. Qf3+ Kg8 45. Qf5
Qxa2+ 46. Ke3 Qc4 47. Qe5 Qc5+ 48. Kd3 Kf8 49. Qe6 Qb5+ 50. c4 Qb3+ 51. Kd4
Qb2+ 52. Kc5 Qf2+ 53. Kb5 Qb2+ 54. Ka6 Qa2+ 55. Kb7 Qxc4 56. Qc8+ Qxc8+ 57.
Kxc8 Ke7 58. Kc7 1-0

[Event "Amateur-Pokal B"]
[Site "?"]
[Date "2001.??.??"]
[Round "1"]
[White "Pook, Rainer"]
[Black "Weissmann, Joerg"]
[Result "0-1"]
[WhiteElo "1825"]
[BlackElo "1950"]
[Annotator "ChessOrg"]
[PlyCount "56"]

1. d4 d5 2. Nc3 Bf5 3. e4 dxe4 4. g4 Bg6 5. h4 h5 6. gxh5 Bxh5 7. Be2 Bxe2 8.
Qxe2 c6 9. Bf4 e6 10. Nxe4 Be7 11. Nf3 Nf6 12. Nxf6+ Bxf6 13. O-O-O Qa5 14.
Bxb8 Rxb8 15. Kb1 Qb4 16. c3 Qb6 17. d5 cxd5 18. Rxd5 a6 19. Rhd1 Bxc3 20. Rd6
Qb4 21. Ng5 Bf6 22. Nxe6 fxe6 23. Qxe6+ Kf8 24. R1d2 Rxh4 25. f3 Rh1+ 26. Kc2
Qxb2+ 27. Kd3 Qb1+ 28. Kc4 Qb5# 0-1

[Event "Amateur-Pokal B"]
[Site "?"]
[Date "2001.??.??"]
[Round "1"]
[White "Reinke, Kurt"]
[Black "Dorozala, Pierre"]
[Result "0-1"]
[WhiteElo "1863"]
[BlackElo "1855"]
[Annotator "ChessOrg"]
[PlyCount "126"]

1. d4 d5 2. Nf3 Nf6 3. c4 e6 4. Nc3 Be7 5. Bg5 Nbd7 6. e3 c6 7. Bd3 h6 8. Bh4
O-O 9. O-O b6 10. Qe2 Bb7 11. Rac1 c5 12. cxd5 exd5 13. Rfe1 Ne4 14. Bxe7 Qxe7
15. Bb5 Nxc3 16. Rxc3 Nf6 17. Rec1 c4 18. Ne5 Qd6 19. Rf1 a6 20. Ba4 b5 21. Bd1
a5 22. Rc1 Ba6 23. Re1 Rac8 24. Qf3 Qb4 25. Qe2 Qd6 26. Bc2 b4 27. Qf3 Rc7 28.
Ng4 Nxg4 29. Qxg4 Bc8 30. Qh5 f5 31. Ba4 Re7 32. g3 Kh7 33. Qd1 Ref7 34. Qd2
Rf6 35. Bc2 Kh8 36. Ra1 g5 37. a3 b3 38. Bd1 a4 39. Rc1 Bd7 40. Rc3 Be8 41. Bf3
Bg6 42. Qe2 Re6 43. Bh5 Bh7 44. Bf3 f4 45. Bh1 fxg3 46. hxg3 Ref6 47. f4 Re6
48. Qf2 Bd3 49. e4 dxe4 50. f5 e3 51. Rxe3 Rxf5 52. Rxe6 Qxe6 53. d5 Qf6 54.
Qc5 Rf1+ 55. Kh2 Rf2+ 56. Bg2 Bf1 57. Qc8+ Kg7 58. Qd7+ Qf7 59. Qxf7+ Kxf7 60.
Rf3+ Rxf3 61. Bxf3 Bd3 62. Kg2 c3 63. bxc3 b2 0-1

[Event "Amateur-Pokal B"]
[Site "?"]
[Date "2001.??.??"]
[Round "1"]
[White "Hauck, Bjoern"]
[Black "Koch, Arno"]
[Result "1-0"]
[WhiteElo "1896"]
[BlackElo "1792"]
[Annotator "ChessOrg"]
[PlyCount "45"]

1. Nf3 g6 2. g3 Bg7 3. Bg2 d6 4. d4 f5 5. c4 Nf6 6. Nc3 c6 7. O-O O-O 8. d5 e5
9. Rb1 a5 10. a3 Bd7 11. b4 axb4 12. axb4 e4 13. Nd4 Ne8 14. Bb2 Qb6 15. Ne6
Bxe6 16. dxe6 Qxb4 17. Nd5 Qxc4 18. Bxg7 Nxg7 19. Nc7 Ra2 20. e7 Rc8 21. Qxd6
Ne8 22. Qd8 Na6 23. Nxe8 1-0

[Event "Amateur-Pokal B"]
[Site "?"]
[Date "2001.??.??"]
[Round "1"]
[White "Becking, Franz-Josef"]
[Black "Schmidt, Erhard"]
[Result "1-0"]
[WhiteElo "1850"]
[BlackElo "1870"]
[Annotator "ChessOrg"]
[PlyCount "33"]

1. d4 d5 2. Nf3 Nf6 3. Bf4 e6 4. e3 c5 5. c3 Nc6 6. Bd3 Be7 7. Nbd2 O-O 8. Ne5
Nxe5 9. Bxe5 Ne8 10. Qh5 g6 11. Qe2 c4 12. Bc2 Bd7 13. Nf3 Rc8 14. h4 Nf6 15.
Ng5 Nh5 16. Qxh5 Bxg5 17. Qxh7+ 1-0

[Event "Amateur-Pokal B"]
[Site "?"]
[Date "2001.??.??"]
[Round "1"]
[White "Augustin, Christian"]
[Black "Hiller, Joachim"]
[Result "1-0"]
[WhiteElo "1966"]
[BlackElo "1830"]
[Annotator "ChessOrg"]
[PlyCount "85"]

1. d4 Nf6 2. Bg5 Ne4 3. Bf4 e6 4. Nd2 f5 5. e3 c5 6. Nxe4 fxe4 7. dxc5 Qa5+ 8.
c3 Qxc5 9. Nh3 Be7 10. Qg4 Bf6 11. Rd1 e5 12. Bg5 d5 13. Rxd5 Qxd5 14. Qxc8+
Qd8 15. Qxb7 Nd7 16. Bb5 Ke7 17. Qxe4 Rb8 18. Bxd7 Qxd7 19. Qxe5+ Kf7 20. Bxf6
gxf6 21. Qh5+ Kg7 22. Qe2 Rhd8 23. O-O Qd3 24. Qg4+ Qg6 25. Qc4 Qf7 26. Qg4+
Qg6 27. Qf4 Qf7 28. b3 Rbc8 29. c4 Kh8 30. Ng5 Qe7 31. Ne4 Rc6 32. c5 a5 33. a3
Rd3 34. Qb8+ Kg7 35. Qg3+ Kh8 36. Qb8+ Kg7 37. Qf4 Qd8 38. b4 axb4 39. axb4 Rb3
40. Nd6 Ra6 41. Qc4 Rba3 42. Qf7+ Kh8 43. Ne8 1-0

[Event "Amateur-Pokal B"]
[Site "?"]
[Date "2001.??.??"]
[Round "2"]
[White "Probst, Joachim"]
[Black "Moerger, Karl-Heinz"]
[Result "1-0"]
[WhiteElo "1855"]
[BlackElo "1782"]
[Annotator "ChessOrg"]
[PlyCount "87"]

1. e4 e6 2. d4 d5 3. Nd2 dxe4 4. Nxe4 Nf6 5. Nxf6+ Qxf6 6. Nf3 h6 7. Bd3 Bd6 8.
Qe2 Nd7 9. O-O O-O 10. Qe4 Qg6 11. Qxg6 fxg6 12. Bxg6 e5 13. Be3 exd4 14. Bxd4
Bc5 15. c3 Bxd4 16. Nxd4 Ne5 17. Bc2 c5 18. Nb5 Bd7 19. Nd6 Bc6 20. f3 Rad8 21.
Rad1 c4 22. b3 b5 23. bxc4 bxc4 24. h3 Rb8 25. Rb1 Rfd8 26. Rxb8 Rxb8 27. Rb1
Rd8 28. Ne4 Kf8 29. f4 Nd3 30. Bxd3 Rxd3 31. Nc5 Rxc3 32. Ne6+ Ke7 33. Nd4 Bd5
34. Re1+ Kf7 35. Re5 Ba8 36. Ra5 Kf6 37. Ra6+ Ke7 38. Rxa7+ Kd6 39. Nb5+ Kc5
40. Nxc3 Bc6 41. a4 Kb4 42. Ne2 Bxa4 43. Kf2 c3 44. Nxc3 1-0

[Event "Amateur-Pokal B"]
[Site "?"]
[Date "2001.??.??"]
[Round "2"]
[White "Weissmann, Joerg"]
[Black "Augustin, Christian"]
[Result "1/2-1/2"]
[WhiteElo "1950"]
[BlackElo "1966"]
[Annotator "ChessOrg"]
[PlyCount "38"]

1. e4 d5 2. exd5 Qxd5 3. Nc3 Qa5 4. d4 c6 5. Bc4 Bf5 6. Nge2 e6 7. Bf4 Nd7 8.
Ng3 Bg6 9. h4 Ngf6 10. O-O Be7 11. Qe2 Nh5 12. Nxh5 Qxh5 13. Qxh5 Bxh5 14. Bg3
O-O-O 15. Be2 Bg6 16. Rac1 Bf6 17. Rfd1 h5 18. Bf3 Nb6 19. Ne2 Rd7 1/2-1/2

[Event "Amateur-Pokal B"]
[Site "?"]
[Date "2001.??.??"]
[Round "2"]
[White "Thiel, Jean-Claude"]
[Black "Hauck, Bjoern"]
[Result "1/2-1/2"]
[WhiteElo "1880"]
[BlackElo "1896"]
[Annotator "ChessOrg"]
[PlyCount "63"]

1. f4 d5 2. Nf3 Nf6 3. e3 c5 4. b3 Nc6 5. Bb2 e6 6. a4 Be7 7. Na3 b6 8. Be2 Bb7
9. O-O O-O 10. Qe1 d4 11. h3 dxe3 12. dxe3 Nd5 13. Rd1 Bf6 14. Bc1 Qc8 15. Bd3
Ncb4 16. e4 Nxd3 17. Rxd3 Nb4 18. Rd1 Rd8 19. e5 Be7 20. Qe2 Ba6 21. c4 Nc6 22.
Bb2 Nd4 23. Nxd4 cxd4 24. Nc2 Bc5 25. Kh2 Bb7 26. Bxd4 Qc6 27. Bxc5 bxc5 28.
Rf3 Qe4 29. Rxd8+ Rxd8 30. Qxe4 Bxe4 31. Rc3 Rd2 32. Ne3 1/2-1/2

[Event "Amateur-Pokal B"]
[Site "?"]
[Date "2001.??.??"]
[Round "2"]
[White "Faas, Dominik"]
[Black "Becking, Franz-Josef"]
[Result "0-1"]
[WhiteElo "1898"]
[BlackElo "1850"]
[Annotator "ChessOrg"]
[PlyCount "61"]

1. e4 e6 2. d4 d5 3. e5 b6 4. Bd3 a5 5. Ne2 Ba6 6. O-O Ne7 7. Ng3 g6 8. h4 Bxd3
9. Qxd3 h5 10. Bg5 Bh6 11. Bf6 Rg8 12. Nxh5 gxh5 13. Qh7 Rg6 14. f4 Nd7 15.
Qh8+ Nf8 16. g4 Rxg4+ 17. Kh1 Rg6 18. f5 exf5 19. Nc3 Qd7 20. Rg1 Be3 21. Rxg6
Nexg6 22. Qxh5 f4 23. Qf3 c6 24. h5 Ne7 25. Na4 Bxd4 26. h6 Qf5 27. c3 Be3 28.
Re1 Qe4 29. Qxe4 dxe4 30. Rxe3 fxe3 31. Nxb6 0-1

[Event "Amateur-Pokal B"]
[Site "?"]
[Date "2001.??.??"]
[Round "2"]
[White "Kupsch, Wolfgang"]
[Black "Trumm, Achim"]
[Result "0-1"]
[WhiteElo "1766"]
[BlackElo "1805"]
[Annotator "ChessOrg"]
[PlyCount "80"]

1. e4 c5 2. f4 Nc6 3. Nf3 d6 4. Bc4 e6 5. O-O a6 6. c3 Nf6 7. Re1 b5 8. Bb3 c4
9. Bc2 Qb6+ 10. Kf1 Be7 11. d4 cxd3 12. Qxd3 e5 13. fxe5 dxe5 14. Be3 Bc5 15.
Bxc5 Qxc5 16. Qe3 Qxe3 17. Rxe3 Be6 18. Nbd2 Rd8 19. Rd1 O-O 20. h3 h6 21. Ke2
Nh5 22. Kf2 Nf4 23. Nb3 Bc4 24. Nc5 Rxd1 25. Bxd1 Bxa2 26. Nxa6 Bb1 27. Bb3
Nd3+ 28. Kg3 Nxb2 29. Nd2 Bd3 30. Bd5 Ne7 31. Nc5 Bc4 32. Nxc4 Nxd5 33. exd5
Nxc4 34. Rd3 Nd6 35. Kf3 Rc8 36. Ne4 Nc4 37. d6 f5 38. Rd5 fxe4+ 39. Kxe4 Rd8
40. g4 Kf7 0-1

[Event "Amateur-Pokal B"]
[Site "?"]
[Date "2001.??.??"]
[Round "2"]
[White "Paschmann, Stefan"]
[Black "Pook, Rainer"]
[Result "0-1"]
[WhiteElo "1895"]
[BlackElo "1825"]
[Annotator "ChessOrg"]
[PlyCount "54"]

1. d4 c6 2. Nf3 Nf6 3. c3 d5 4. h3 Bf5 5. Bf4 e6 6. e3 h6 7. Nbd2 Nbd7 8. Be2
Be7 9. O-O g5 10. Bg3 Nh5 11. Bh2 g4 12. Ne5 Nxe5 13. Bxe5 Nf6 14. Bxg4 Bxg4
15. hxg4 Rg8 16. f3 Bd6 17. Bxd6 Qxd6 18. e4 Qf4 19. Qe1 O-O-O 20. e5 Nh7 21.
Nb3 Ng5 22. Nc5 Nh7 23. b4 h5 24. Qe2 Ng5 25. Qf2 hxg4 26. Nd3 Qf5 27. Ne1 gxf3
0-1

[Event "Amateur-Pokal B"]
[Site "?"]
[Date "2001.??.??"]
[Round "2"]
[White "Hiller, Joachim"]
[Black "Reinke, Kurt"]
[Result "0-1"]
[WhiteElo "1830"]
[BlackElo "1863"]
[Annotator "ChessOrg"]
[PlyCount "58"]

1. e4 c5 2. d4 cxd4 3. Nf3 d6 4. Nxd4 Nf6 5. Nc3 a6 6. Be2 e5 7. Nb3 Be6 8. Bg5
Nbd7 9. O-O Be7 10. Kh1 Qc7 11. f4 b5 12. Nd5 Bxd5 13. exd5 O-O 14. Rc1 Qb6 15.
c4 bxc4 16. Rxc4 Rfc8 17. Qd3 Rxc4 18. Qxc4 h6 19. Bxf6 Bxf6 20. Qc6 Rd8 21.
Bg4 Qb5 22. Re1 Nb6 23. Be2 Qb4 24. Rd1 Rc8 25. Qb7 exf4 26. Bg4 Re8 27. Nd2
Qxd2 28. Qxb6 Bd4 29. h3 Qxd1+ 0-1

[Event "Amateur-Pokal B"]
[Site "?"]
[Date "2001.??.??"]
[Round "2"]
[White "Schmitt, Adolf"]
[Black "Kuhn, Heinz"]
[Result "0-1"]
[WhiteElo "1824"]
[BlackElo "1763"]
[Annotator "ChessOrg"]
[PlyCount "88"]

1. d4 b5 2. e4 Bb7 3. f3 a6 4. Be3 e6 5. Nd2 Be7 6. Nh3 d6 7. c4 b4 8. Qa4+ Nd7
9. Qxb4 Rb8 10. Qc3 c5 11. Bd3 Bf6 12. Nb3 Ne7 13. O-O Nc6 14. Rad1 a5 15. Qd2
a4 16. Nc1 Nxd4 17. Bg5 Ba6 18. Bxf6 Qxf6 19. Qc3 Rxb2 20. Kh1 Rb4 21. a3 Rb6
22. Qa5 O-O 23. Rd2 Nb3 24. Nxb3 axb3 25. Rb1 Rfb8 26. f4 Kh8 27. Be2 Bb7 28.
e5 Bxg2+ 29. Kxg2 Qg6+ 30. Ng5 Qxb1 31. Bd3 Qe1 32. Nxf7+ Kg8 33. Nxd6 b2 34.
Nb5 Qe3 35. Bb1 Nf8 36. Rxb2 Qxf4 37. Qc3 Nd7 38. Rf2 Qg4+ 39. Kf1 Qd1+ 40. Qe1
Qh5 41. Re2 Rf8+ 42. Kg1 Qg4+ 43. Kh1 Qxc4 44. Nc7 Rxb1 0-1

[Event "Amateur-Pokal B"]
[Site "?"]
[Date "2001.??.??"]
[Round "2"]
[White "Schmidt, Erhard"]
[Black "Koch, Arno"]
[Result "1-0"]
[WhiteElo "1870"]
[BlackElo "1792"]
[Annotator "ChessOrg"]
[PlyCount "107"]

1. g3 e5 2. c4 Bc5 3. Bg2 Nf6 4. Nc3 a6 5. e3 Nc6 6. Nge2 O-O 7. O-O d6 8. d4
exd4 9. exd4 Ba7 10. Bg5 h6 11. Bf4 Bg4 12. Qd2 Nh5 13. Be3 Qd7 14. Nd5 Be6 15.
Bf3 Bg4 16. Bxg4 Qxg4 17. Nxc7 Rac8 18. Nd5 Rfe8 19. Rae1 Ne7 20. Nxe7+ Rxe7
21. b3 Rce8 22. Rc1 Nf6 23. Nc3 h5 24. Qe2 Qh3 25. Qf3 Ng4 26. Qg2 Qxg2+ 27.
Kxg2 Nxe3+ 28. fxe3 Rxe3 29. Rfd1 g5 30. Nd5 Re2+ 31. Kf1 Kg7 32. Nc3 Rxh2 33.
Kg1 Rb2 34. Rd3 g4 35. Rcd1 f5 36. Kf1 Kg6 37. Re1 Rxe1+ 38. Kxe1 Kg5 39. c5
dxc5 40. d5 Bb6 41. d6 h4 42. gxh4+ Kxh4 43. d7 Bd8 44. Na4 Rc2 45. Kd1 c4 46.
Rd5 Rxa2 47. Rxf5 cxb3 48. Nc3 Rc2 49. Rc5 b6 50. Rc8 Bg5 51. Ne4 Rd2+ 52. Nxd2
Kh3 53. Ne4 Be7 54. Re8 1-0

[Event "Amateur-Pokal B"]
[Site "?"]
[Date "2001.??.??"]
[Round "3"]
[White "Becking, Franz-Josef"]
[Black "Probst, Joachim"]
[Result "1/2-1/2"]
[WhiteElo "1850"]
[BlackElo "1855"]
[Annotator "ChessOrg"]
[PlyCount "78"]

1. d4 Nf6 2. Nf3 e6 3. Bf4 b6 4. e3 Bb7 5. Bd3 Be7 6. Nbd2 c5 7. c3 Nc6 8. h3
Rc8 9. O-O O-O 10. Rc1 d6 11. Re1 Re8 12. e4 e5 13. Be3 Bf8 14. d5 Nb8 15. Qa4
a6 16. c4 a5 17. Qd1 Rc7 18. Bc2 Bc8 19. Ba4 Bd7 20. Nh2 Bxa4 21. Qxa4 Nh5 22.
g3 g6 23. Kg2 f6 24. Nhf3 Nd7 25. Qc2 Bg7 26. Ng1 Rf8 27. Qd1 f5 28. exf5 Rxf5
29. Ne4 Nf8 30. Qd2 Rff7 31. Ne2 Qd7 32. N2c3 Nf6 33. Rf1 Nxe4 34. Nxe4 Rc8 35.
Qe2 h6 36. Qg4 Qxg4 37. hxg4 Rd8 38. Rh1 g5 39. Rc3 Ng6 1/2-1/2

[Event "Amateur-Pokal B"]
[Site "?"]
[Date "2001.??.??"]
[Round "3"]
[White "Augustin, Christian"]
[Black "Dorozala, Pierre"]
[Result "0-1"]
[WhiteElo "1966"]
[BlackElo "1855"]
[Annotator "ChessOrg"]
[PlyCount "34"]

1. d4 d5 2. Nf3 Nf6 3. Bf4 e6 4. e3 Be7 5. Bd3 Nbd7 6. Nbd2 c5 7. c3 b6 8. O-O
O-O 9. Ne5 Bb7 10. Ndf3 Ne4 11. Nxd7 Qxd7 12. Ne5 Qe8 13. Bxe4 dxe4 14. dxc5
Rd8 15. Qb3 Bxc5 16. Rfd1 Bd6 17. Nxf7 Qxf7 0-1

[Event "Amateur-Pokal B"]
[Site "?"]
[Date "2001.??.??"]
[Round "3"]
[White "Hauck, Bjoern"]
[Black "Weissmann, Joerg"]
[Result "1/2-1/2"]
[WhiteElo "1896"]
[BlackElo "1950"]
[Annotator "ChessOrg"]
[PlyCount "139"]

1. Nf3 d6 2. g3 e5 3. d3 Nc6 4. c4 Be7 5. Bg2 Be6 6. Nc3 Qd7 7. h3 h6 8. Nd5
Bd8 9. b4 Nf6 10. b5 Bxd5 11. cxd5 Ne7 12. a4 Nfxd5 13. O-O O-O 14. Qb3 c6 15.
Nd2 Bc7 16. Ba3 a6 17. Rfc1 axb5 18. axb5 Ra5 19. bxc6 bxc6 20. Nc4 Rb5 21. Qc2
Rfb8 22. Ne3 Nxe3 23. fxe3 Bb6 24. Qd2 Rc8 25. Kh2 Nf5 26. Qc3 d5 27. Rcb1 Nxe3
28. Rxb5 cxb5 29. Qxe5 Nxg2 30. Kxg2 Re8 31. Qh5 Qe6 32. e4 dxe4 33. Qxb5 e3
34. Re1 e2 35. Bc5 Qd5+ 36. Kh2 Rb8 37. d4 Ba7 38. Qxe2 Bxc5 39. dxc5 Qxc5 40.
Qf3 Rd8 41. Re2 Qd5 42. Qxd5 Rxd5 43. Kg2 f5 44. Ra2 Kf7 45. Kf2 Ke6 46. Re2+
Kf6 47. Ra2 Re5 48. Ra8 Kg5 49. Kf3 Rb5 50. Ra3 Rb4 51. Rc3 Kh5 52. Ra3 g5 53.
Rc3 Rb6 54. Ra3 Kg6 55. Rc3 Kf6 56. Ra3 h5 57. Rc3 g4+ 58. hxg4 hxg4+ 59. Ke3
Re6+ 60. Kf2 Ke5 61. Ra3 Rd6 62. Re3+ Kf6 63. Ra3 Rd2+ 64. Ke1 Rh2 65. Kf1 Rd2
66. Ra5 Ke6 67. Ke1 Rd5 68. Ra6+ Ke5 69. Ke2 Ke4 70. Ra8 1/2-1/2

[Event "Amateur-Pokal B"]
[Site "?"]
[Date "2001.??.??"]
[Round "3"]
[White "Trumm, Achim"]
[Black "Thiel, Jean-Claude"]
[Result "0-1"]
[WhiteElo "1805"]
[BlackElo "1880"]
[Annotator "ChessOrg"]
[PlyCount "140"]

1. d4 e6 2. c4 f5 3. Nd2 Nf6 4. g3 c6 5. Bg2 d5 6. Ngf3 Be7 7. O-O O-O 8. Qc2
Na6 9. a3 Bd7 10. b3 Nc7 11. Bb2 Nce8 12. Ne5 Nd6 13. f3 Nf7 14. e4 Rc8 15.
Nxf7 Rxf7 16. e5 Nh5 17. Kh1 g5 18. Rf2 f4 19. g4 Ng7 20. Bf1 Qf8 21. Bd3 Ne8
22. h3 Nc7 23. Rh2 Be8 24. Kg2 Qh6 25. Bc3 Rg7 26. Bb4 Bd8 27. Nf1 Bg6 28. Be1
Kf7 29. Bb4 Bxd3 30. Qxd3 Qg6 31. Qxg6+ hxg6 32. Bc3 Rh7 33. Rb1 Na6 34. c5 b6
35. b4 Rb8 36. Nd2 Ke8 37. Rhh1 Rhb7 38. Kf2 Nc7 39. Nb3 Be7 40. Rbc1 Kd7 41.
Rc2 Na6 42. Bd2 bxc5 43. dxc5 Nc7 44. Na5 Rb5 45. a4 Rxb4 46. Bxb4 Rxb4 47. Ra1
Na6 48. Ra3 Bd8 49. Nb3 Bc7 50. Re2 Rc4 51. Kg2 Nxc5 52. Nxc5+ Rxc5 53. Rb3 Bb6
54. Reb2 Kc7 55. Kh2 Ra5 56. Ra3 d4 57. Re2 c5 58. Kg2 Kc6 59. Kf1 c4 60. Ke1
Kd5 61. Kd2 Bc5 62. Ra2 Bb4+ 63. Kd1 Bc3 64. Re4 d3 65. Ra3 Bxe5 66. Kd2 Bd6
67. Ra2 Bb4+ 68. Kd1 Rc5 69. a5 Bxa5 70. Ra4 e5 0-1

[Event "Amateur-Pokal B"]
[Site "?"]
[Date "2001.??.??"]
[Round "3"]
[White "Pook, Rainer"]
[Black "Kuhn, Heinz"]
[Result "1-0"]
[WhiteElo "1825"]
[BlackElo "1763"]
[Annotator "ChessOrg"]
[PlyCount "45"]

1. d4 b5 2. e4 Bb7 3. f3 a6 4. Bd3 e6 5. Be3 Be7 6. Nh3 d6 7. Nc3 c5 8. d5 b4
9. Ne2 exd5 10. exd5 Bxd5 11. Bxh7 Nf6 12. Nef4 Bxa2 13. Rxa2 Nxh7 14. Qd5 Ra7
15. Kf2 g5 16. Nh5 Nf6 17. Nxf6+ Bxf6 18. Re1 Re7 19. Nxg5 Qd7 20. Ne4 Be5 21.
f4 f5 22. Ng3 Rh4 23. Qg8# 1-0